000 00405nam a22001097a 4500
008 230602b xxu||||| |||| 00| 0 eng d
082 _a305.8
_bKNA
245 _aReport of The Parliamentary Select Committee to Investigate Ethnic Clashes in Western and Other Parts of Kenya 1992
_bThe National Assembly
260 _aNairobi,Kenya
_bKenya National Assembly
_cSeptember, 1992
300 _aV,238p
942 _2ddc
_cBK
999 _c214
_d214